000 01107nas a2200289 4500
001 BR9001127
003 BR-BrBNA
005 20231205091829.0
007 ta
008 230509b bl.|||p| |||| 00| 00por d
040 _aBR-BrBNA
_bpor
_cBiblioteca Nacional de Agricultura
041 _a(Pt)
072 _aP40; F60
100 1 _aVolpe, C.A.
100 1 _aBrunini, O.
245 1 _aEstimativas do deslocamento do plano-zero, parametro de rugosidade e resistencia aerodinamica a difusao de vapor d'agua sobre o cultivo de milho em condicao de estabilidade proxima a neutralidade
246 1 _aEstimation of the zero-plane displacement, roughness length and aerodynamic resistance to water vapour exchange for a corn canopy for conditions of near neutral stability
650 _aMILHO
650 _aCLIMATOLOGIA
650 _aVENTO
650 _aAGUA
650 _aRELACAO SOLO-PLANTA
650 _aCAMPINAS
773 0 _tPesquisa Agropecuaria Brasileira (Brazil)
_xISSN 100-204X
_g(Jan 1990), v. 25(1) p. 29-37
_wBR9001127
909 _a202311
_bLúcia
_c55
_dLúcia Elande
942 _2AGRIS
_n0
_cANA
999 _c127619
_d127619